000 00686nam a2200181Ia 4500
008 100920s9999 xx 000 0 und d
082 _b10168
_a51 थ 50
100 _aसंग्राहक-देवगिरीकर त्र्यं. र.
245 _aचिरस्मृति भाग दुसरा.
260 _bचित्रशाळा प्रकाशन, पुणे 2.
_c1950
300 _a168
_bसाधी
365 _b2.5
520 _aचरित्र.
630 _aचिरस्मृति भाग दुसरा.
650 _aचरित्र.
730 _aचिरस्मृति भाग दुसरा.
942 _cBOOK
999 _c676728
_d676725